| 000 | 00472nam a2200157Ia 4500 | ||
|---|---|---|---|
| 008 | 230917s9999||||xx |||||||||||||| ||und|| | ||
| 020 | _cRS23 | ||
| 040 |
_e176857 _aMAIN |
||
| 041 | _aEnglish | ||
| 082 | _a891.433721 AU14B | ||
| 100 | _aअनन्तमूर्ति, यू आर | ||
| 245 | 0 | _aभारतीपुर | |
| 260 |
_aनई दिल्ली _bराधाकृष्ण प्रकाशन _c1979 |
||
| 300 | _a227 पृ. p. | ||
| 942 | _cHN | ||
| 999 |
_c196607 _d196607 |
||